| 000 | 00402pab a2200169 454500 | ||
|---|---|---|---|
| 008 | 180718b2008 xxu||||| |||| 00| 0 eng d | ||
| 100 | _aBose, Samir K. | ||
| 245 | _aJapan and the last days of world war II | ||
| 260 | _c2008 | ||
| 300 | _ap.275-82. | ||
| 362 | _aApr-Jun | ||
| 650 | _aWorld War II | ||
| 650 | _aInternational relations | ||
| 773 | _aUSI Journal | ||
| 908 | _aN | ||
| 909 | _a79466 | ||
| 999 |
_c79466 _d79466 |
||